Statystyki dla Trenerzy Interu Mediolan w XXI w.

Kliknij tutaj aby rozwiązać quiz!

Ogólne statystyki

  • Ten quiz został rozwiązany 58 razy
  • Średni wynik to 6 z 18

Statystyki odpowiedzi

latatrener% Poprawnych
2019-Antonio Conte
98%
2008-2010Jose Mourinho
88%
2017-2019Luciano Spalletti
58%
2014-2016Roberto Mancini
54%
2004-2008Roberto Mancini
54%
2010Rafael Benitez
44%
2016-2017Stefano Pioli
42%
2011-2012Claudio Ranieri
35%
2016Frank De Boer
27%
2011Gian Piero Gasperini
21%
2001-2003Hector Cuper
17%
2013-2014Walter Mazzarri
17%
2012-2013Andrea Stramaccioni
15%
2010-2011Leonardo
15%
2003-2004Alberto Zaccheroni
8%
2017Stefano Vecchi
8%
2003Corrado Verdelli
2%
2000-2001Marco Tardelli
2%

Rozkład punktacji

Percentyl według liczby udzielonych odpowiedzi

Procent ludzi z każdym wynikiem

Twoja historia wyników

Nie rozwiązałeś tego quizu